000 01579nam a2200277Ia 4500
999 _c55170
_d55170
001 22245
003 GE_BSU
005 20230215121938.0
008 181216s2008||||ge |||||||||||||| ||geo||
020 _a9789941130212
040 _cGE_BSU
041 _ageo
080 _a81'36 ჩ-92
100 _aჩუხუა, მერაბ
_916915
245 _aიბერიულ-იჩქერიულ ენათა შედარებითი გრამატიკა 1 /
_cმერაბ ჩუხუა ; რედაქტორი ქ. ლომთათიძე.
264 _aთბილისი :
_bთბილისის სახელმწ. უნ-ტის გამ-ბა,
_c2008.
300 _a761 გვ. ;
_c28 სმ.
500 _aვუძღვნი კავკასიისათვის თავდადებულ რაინდებს – ზვიად გამსახურდიას და ჯოჰარ დუდაევის მეგობრობას
541 _h60 ლ.
653 _aიბერიულ-იჩქერიულ ენათა შედარებითი გრამატიკა 1
653 _aკავკასიური ენების შედარებითი გრამატიკა
653 _aნახური ენების ფონეტიკა
653 _aეტიმოლოგიური ლექსიკონი
700 _aლომთათიძე, ქ.
_eრედაქტორი
_916916
942 _cBK
_2udc